| 000 | 01092nam a2200253 a 4500 | ||
|---|---|---|---|
| 001 | 978 | ||
| 003 | BR-CuiBMT | ||
| 005 | 20231217152321.0 | ||
| 008 | 230725s2008 mgba 100 0 por d | ||
| 020 | _a9788577001842 | ||
| 040 |
_aBR-CuiBMT _cBR-CuiBMT |
||
| 080 |
_a351.94:336.148 _x(062) _22007 |
||
| 090 |
_a351.94:336.148(062) _bC749t |
||
| 111 | 2 |
_aCongresso Nacional dos Membros dos Tribunais de Contas do Brasil _n(24. : _d2008 : _cNatal, RN) |
|
| 245 | 1 | 0 |
_aTribunal de contas : _cdefesa do interesse público e combate à corrupção ; anais do xxiv Congresso Nacional dos Membros dos Tribunais de contas do Brasil : comemoração dos 50 anos do Tribunal de Contas do Rio Grande do Norte / _bRita Chió Serra. |
| 246 | 3 | 2 | _aVigésimo quarto Congresso nacional do membros dos tribunais de contas do Brasil |
| 260 |
_aBelo Horizonte : _bFórum, _c2008. |
||
| 300 |
_a451 p. : _bil. ; _c24 cm |
||
| 504 | _aInclui bibliografia. | ||
| 650 |
_aTribunal de contas _xCongressos _zNatal |
||
| 650 |
_aControle externo _xCongressos _zBrasil |
||
| 700 | 1 | _aSerra, Rita Chió | |
| 942 |
_2udc _cLV |
||
| 999 |
_c978 _d978 |
||